000 00722nam a2200241 a 4500
001 58188
003 BD-RjUL
005 20211209080608.0
008 161217s1990 cou b 000 0 eng
020 _a0813309182 (alk. paper)
035 _a(BD-RjUL) 58312
040 _aDLC
_cDLC
_dDLC
_beng
041 _aeng
082 0 0 _a330
_223
_bROH 1990
100 1 _aRostow, W. W.
_q(Walt Whitman),
_d1916-2003.
_9172840
245 1 0 _aHistory, policy, and economic theory :
_bessays in interaction /
_cW.W. Rostow.
260 _aBoulder :
_bWestview Press,
_c1990.
300 _axiii, 385 p. ;
_c24 cm.
504 _aIncludes bibliographies.
650 0 _aEconomics.
_9170576
942 _2ddc
_cBK
999 _c58188
_d58188